Organizational Behavior (Record no. 237288)
[ view plain ]
| 000 -LEADER | |
|---|---|
| fixed length control field | 00321nam a2200121Ia 4500 |
| 008 - FIXED-LENGTH DATA ELEMENTS--GENERAL INFORMATION | |
| fixed length control field | 231221s9999 xx 000 0 und d |
| 020 ## - INTERNATIONAL STANDARD BOOK NUMBER | |
| International Standard Book Number | 9780000000000 |
| 100 ## - MAIN ENTRY--PERSONAL NAME | |
| Personal name | Robbins, Stephen P. Judge, Timothy A. Vohra, Neharika |
| 245 #0 - TITLE STATEMENT | |
| Title | Organizational Behavior |
| 250 ## - EDITION STATEMENT | |
| Edition statement | Global Edition |
| 260 ## - PUBLICATION, DISTRIBUTION, ETC. | |
| Date of publication, distribution, etc. | 2016 |
| 942 ## - ADDED ENTRY ELEMENTS (KOHA) | |
| Koha item type | E-Books |
| Date last seen | Total checkouts | Accession number | Uniform resource identifier | Price effective from | Category | Lost status | Damaged status | Withdrawn status | Home library | Current library | Entry date | Currency symbol | Conversion rate | Discount |
|---|---|---|---|---|---|---|---|---|---|---|---|---|---|---|
| 26/01/2024 | EB12924 | https://elibrary.in.pearson.com | 26/01/2024 | E-Books | Central Library | Central Library | RS | 1 |
